Datum a čas kvízu
40
Celkem bodů
Celkový počet nahraných bodů na tomto kvízu bez doplňovacích otázek.
6.
Pořadí na kvízu
Konečné umístění týmu na tomto kvízu.
Zaznamenané odpovědi
| # | Otázka | Odpověď | Body | Výsledky |
|---|---|---|---|---|
| 1. | Která česká politička se stala... | Markéta Pekarová-Adamová | 1 | |
| 2. | Ve středu se do vesmíru po něk... | Atlas | 0 | |
| 3. | Ve čtvrtek měl v českých kinec... | Mizerové: Na život a na smrt | 1 | |
| 4. | Minulý týden byl v Praze k vid... | Tesla Cybertuck | 0 | |
| 5. | Jaroslav Svejkovský se stal po... | Vancouver Canucks | 0 | |
| 6. | Dostanete vždy pět indicií, kt... | Anna Kareninová/Karenina | 0 | |
| 7. | Irsko – Homér – Bloom – jeden... | Odysseus | 0 | |
| 8. | Nashville – Felis – žár – Puli... | Kočka na rozpálené plechové střeše | 0 | |
| 9. | 3 sirotci – nevyléčitelná nemo... | Román pro muže | 0 | |
| 10. | Karviná – kronika – sv. Petr... | Šikmý kostel | 0 |